| 000 | 00463 a2200169 4500 | ||
|---|---|---|---|
| 003 | Nust | ||
| 005 | 20170207153316.0 | ||
| 040 | _cNust | ||
| 082 | _a005.1 | ||
| 100 | _aMughal , Capt Shoaib BESE-05 | ||
| 245 |
_aExtension of dissemination system of lahore stock exchange using web services _cCapt Shoaib Mughal & GC Tariq Qayyum BESE-05 |
||
| 260 |
_bMCS _c2003 |
||
| 300 | _a157 p | ||
| 538 | _aT4 Shelf No 3 | ||
| 650 | _aUG Projects | ||
| 651 | _aUG CS Projects | ||
| 942 | _cPRG | ||
| 999 |
_c183890 _d183890 |
||